Population dynamics in a plural society : peninsular Malaysia

Bibliographic Details
Main Author: Manjit S.Sidhu
Format: Book
Published: Kuala Lumpur : UMCB Publications , 1981
Subjects:

MARC

LEADER 00000cam a2200000 7i4500
001 0000003699
002 000003983
005 20000330.0
020 |a T000000308 
090 0 0 |a 304.6   |b MAN 
100 0 |a Manjit S.Sidhu 
245 1 0 |a Population dynamics in a plural society :   |b peninsular Malaysia   |c Manjit S.Sidhu and Gavin W.Jones 
260 |a Kuala Lumpur :   |b UMCB Publications ,   |c 1981 
300 |a 282 p. ;   |c 21 cm. 
650 0 0 |a Family demography 
650 0 0 |a Malaysia   |x Population 
999 |a 037151   |b BUKU   |c PINJAMAN   |e PERPUSTAKAAN KOMUNITI PETALING JAYA